000 00246nam a2200097Ia 4500
001 948738
005 20250826215525.0
008 250824s9999 xx 000 0 und d
245 0 _aHAYVANLARIN ABCSİ
_cBİLGİN ADALI
260 _bHEP KİTAP YAYINLARI
999 _c948738
_d948738